Speech less : (Record no. 109850)

MARC details
000 -LEADER
campo de control de longitud fija 01342cam a2200385 a 4500
001 - NÚMERO DE CONTROL
campo de control 82102
005 - FECHA Y HORA DE LA ÚLTIMA TRANSACCIÓN
campo de control 20230411085941.0
008 - DATOS DE LONGITUD FIJA--INFORMACIÓN GENERAL
campo de control de longitud fija 091008s2009 nyu 001 0aeng
010 ## - NÚMERO DE CONTROL DE LA BIBLIOTECA DEL CONGRESO
Número de control de LC 2009455822
035 ## - NÚMERO DE CONTROL DEL SISTEMA
Número de control de sistema (OCoLC)ocn290464983
040 ## - FUENTE DE CATALOGACIÓN
Centro catalogador/agencia de origen DLC
Centro/agencia transcriptor DLC
Centro/agencia modificador BTCTA
-- YDXCP
-- ZGX
-- MR0
-- UPZ
-- CLE
-- VP@
020 ## - NÚMERO INTERNACIONAL ESTÁNDAR DEL LIBRO
Número Internacional Estándar del Libro 9780307463722
020 ## - NÚMERO INTERNACIONAL ESTÁNDAR DEL LIBRO
Número Internacional Estándar del Libro 0307463729
029 1# - OTRO NÚMERO DE CONTROL DE SISTEMA (OCLC)
Identificador de la biblioteca OCLC AU@
Número de control de sistema 000044779934
029 1# - OTRO NÚMERO DE CONTROL DE SISTEMA (OCLC)
Identificador de la biblioteca OCLC NZ1
Número de control de sistema 13107949
035 ## - NÚMERO DE CONTROL DEL SISTEMA
Número de control de sistema (OCoLC)290464983
043 ## - CÓDIGO DE ÁREA GEOGRÁFICA
Código de área geográfica n-us---
050 14 - SIGNATURA TOPOGRÁFICA DE LA BIBLIOTECA DEL CONGRESO
Número de clasificación E901.1.L38
Número de ítem A3 2009
082 00 - NÚMERO DE LA CLASIFICACIÓN DECIMAL DEWEY
Número de clasificación 973.931092
-- B
Número de edición 22
049 ## - FONDOS LOCALES (OCLC)
Biblioteca depositaria GRAL
100 1# - ENTRADA PRINCIPAL--NOMBRE DE PERSONA
Nombre de persona Latimer, Matt.
245 10 - MENCIÓN DEL TÍTULO
Título Speech less :
Resto del título tales of a White House survivor /
Mención de responsabilidad, etc. Matt Latimer.
246 3# - FORMA VARIANTE DEL TITULO
Título propio/Titulo breve Speechless
250 ## - MENCION DE EDICION
Mención de edición 1st ed.
260 ## - PUBLICACIÓN, DISTRIBUCIÓN, ETC.
Lugar de publicación, distribución, etc. New York :
Nombre del editor, distribuidor, etc. Crown Publishers,
Fecha de publicación, distribución, etc. c2009.
300 ## - DESCRIPCIÓN FÍSICA
Extensión 294 p. ;
Dimensiones 25 cm.
500 ## - NOTA GENERAL
Nota general Includes index.
520 ## - RESUMEN, ETC.
Sumario, etc. Latimer, a young conservative speechwriter, pens this hilarious yet poignant account of life inside the White House, as he laments a certain kind of principled conservatism that disappeared in the last years of the Bush presidency.
600 10 - PUNTO DE ACCESO ADICIONAL DE MATERIA--NOMBRE DE PERSONA
Nombre de persona Latimer, Matt.
650 #0 - PUNTO DE ACCESO ADICIONAL DE MATERIA--TÉRMINO DE MATERIA
Término de materia o nombre geográfico como elemento de entrada Speechwriters
Subdivisión geográfica United States
Subdivisión de forma Biography.
650 #0 - PUNTO DE ACCESO ADICIONAL DE MATERIA--TÉRMINO DE MATERIA
Término de materia o nombre geográfico como elemento de entrada Presidents
Subdivisión geográfica United States
Subdivisión general Staff
-- History
Subdivisión cronológica 20th century.
651 #0 - PUNTO DE ACCESO ADICIONAL DE MATERIA--NOMBRE GEOGRÁFICO
Nombre geográfico United States
Subdivisión general History
Subdivisión cronológica 21st century.
942 ## - ELEMENTOS DE ENTRADA SECUNDARIOS (KOHA)
Fuente del sistema de clasificación o colocación Clasificación de Library of Congress
Tipo de ítem Koha
946 ## - PROCESAMIENTO DE INFORMACIÓN LOCAL (OCLC)
a bc
Holdings
Estatus retirado Estado de pérdida Fuente del sistema de clasificación o colocación Estado de daño No para préstamo Colección Biblioteca de origen Biblioteca actual Ubicación en estantería Fecha de adquisición Signatura topográfica completa Código de barras Visto por última vez Copia número Tipo de ítem Koha
    Clasificación de Library of Congress     Automatización y Procesos Técnicos Biblioteca Juan Bosch Biblioteca Juan Bosch Automatización y Procesos Técnicos (1er. Piso) 11/04/2023 E901.1.L38 A3 2009 00000074635 17/02/2019 1